000
00241nam a22001097a 4500
082
_a
671.823 MEY'S
100
_a
MAYER, LEO A
_9
56920
245
_a
SHEET METAL LAYOUT
260
_a
NEWYORK
_b
MCGRAW HILL
_c
1961
300
_a
188P
942
_c
BK
999
_c
567239
_d
567239